Word Ladder: Boxing Great Quiz Stats

Quiz Updated Sep 8, 2015

Challenge
Share
Tweet
Embed
Score 0/14 Timer 01:00
0 Plays Today
Hint Answer % Correct
Dylan, Marley or Newhart, e.g.BOB
94.8%
Human foot digitTOE
93.6%
A deer, a female deerDOE
93.4%
Not againstFOR
93%
Soft animal hairFUR
91%
U.S. stock market indexDOW
83.5%
Water droplets condensed from airDEW
82.4%
Hint Answer % Correct
Wild animal's lairDEN
81.9%
Take property unlawfullyROB
81.2%
___ and StimpyREN
80%
Hill or rocky peakTOR
79.9%
Informal address (fellow, buddy)BUB
69.7%
Moved with hasteRAN
68.3%
Prickly case around a seedBUR
68%

Today's Daily Dose

Missing Word
Law Misconceptions

Word Ladder
Easy Math

On This Day
January 20th

You're not logged in!

Compare scores with friends on all Sporcle quizzes.
Sign Up with Email
OR
Log In

You Might Also Like...

Show Comments

Extras

Top Quizzes Today


Score Distribution

Your Account Isn't Verified!

In order to create a playlist on Sporcle, you need to verify the email address you used during registration. Go to your Sporcle Settings to finish the process.